000 00388pab a2200133 454500
008 180718b xxu||||| |||| 00| 0 eng d
100 _aJaggers, Keith
245 _aWar and the three faces of power: war making and state making in Europe and the Americas
650 _a Was - Effects
650 _a War
650 _aWar - Causes
773 _aComparative Political Studies
909 _a23301
999 _c23301
_d23301